00386nam a2200145Ia 4500008004100000020001500041041000800056082001500064100005600079245001500135250000600150260005800156300001200214650001400226210716s1986 xx 000 0 und d a0810606020 aeng a658.8 BERE aBerkowitz, Eric N;Kerin, Roger A;Rudelius, William. aMarketing. a1 aTorontobTimes Mirror/ Mosby College Publishingc1986 axxv,745 aMarketing